000 00611nmm a2200205Ia 4500
008 251105s9999||||xx |||||||||||||||||und||
020 _a9789681677077
041 _aspa
100 _aSánchez Vázquez, Adolfo
245 0 _aPoesía
264 _a[México D.C., Mexico] :
_bFondo de Cultura Económica,
_c2013
300 _a165 páginas
490 _aLetras Mexicanas
650 _aLatin American poetry
700 _aSánchez Vázquez, Adolfo
700 1 _a Gutiérrez Nava, María Dolorez
700 1 _a Castañón, Adolfo
856 _uhttps://public.digitaliapublishing.com/a/43288
942 _cCF
999 _c71077
_d71077